00695nam a22002297a 4500003000400000005001700004008004100021010001300062020002200075035002300097037001600120040001500136082001300151100001500164245005900179260005200238270005200290300002600342500003200368650004100400650002400441dpl20180806125053.0180806b xxu||||| |||| 00| 0 eng d aA-895478 c00.00a8170249430 aA-895478, A-895482 bCen Lib/Ret aDPLbENc0 a323bSEN aSankar Sen aHuman rights in a developing society /cby Sankar sen  aNew Delhi bA.P.H. Publishing Corporationc1998 bNew Delhi a5, ansari road, dariya ganje110002 aviii, 293p.c20cm(Hb) aIncludes appendix and index aHuman rights zDeveloping countries  aFundamental rights